000 00593nam a2200205Ia 4500
003 GCL
008 140319s9999 xx 000 0 ara d
040 _aGCL /
_cGCL
082 0 4 _a814
_bس ع
100 1 _aسمير سرحان
245 1 0 _aعلى مقهى الحياة /
_cسمير سرحان
260 _a[S.N] :
_bالهيئة المصرية العامة للكتاب ،
_c1988
300 _a326 ص
490 _a
650 0 4 _aالادب العربى
650 0 4 _aمصر
650 0 4 _aالمقالات العربية
650 0 4 _aالادب والمجتمع
942 _2ddc
_cBK
999 _c28870
_d28870